Nelson Mandela por sí mismo (Registro nro. 7333)
[ vista simple ]
| 000 -Cabecera | |
|---|---|
| Campo de control de longitud fija | 00471nam a22001817a 4500 |
| 005 - Fecha y hora de la última transacción | |
| Campo de control | 20231013141728.0 |
| 008 - Elementos de longitud fija--Información general | |
| Campo de control de longitud fija | 160113b xxu||||| |||| 00| 0 spa d |
| 041 ## - Idioma | |
| Código de idioma | |
| 082 ## - Clasificación Decimal Dewey | |
| Número de clasificación | 92 |
| Número de documento/ítem | M271n |
| 100 ## - Entrada principal--Autor personal | |
| Nombre personal | Mandela, Nelson |
| 9 (RLIN) | 483 |
| 245 ## - Título propiamente dicho | |
| Título | Nelson Mandela por sí mismo |
| 260 ## - Pie de imprenta | |
| Lugar de publicación, distribución, etc. | España |
| Nombre del editor, distribuidor, etc. | Plataforma editorial |
| Fecha de publicación, distribución, etc. | 2011 |
| 300 ## - Descripción física | |
| Extensión | 549 páginas |
| 650 ## - Materia general | |
| Temática (materia general) | AFRICA DEL SUR |
| 650 ## - Materia general | |
| Temática (materia general) | POLITICA |
| 650 ## - Materia general | |
| Temática (materia general) | GOBIERNO |
| 942 ## - Punto de acceso adicional KOHA | |
| Tipo de ítem KOHA | Literatura |
| Fuente del sistema de clasificación o colocación | Dewey Decimal Classification |
| Signatura completa | Código de barras | Tipo de ítem |
|---|---|---|
| 92 M271n | 20026 | Literatura |